00610nab a2200169 uc450000100070000000500170000700800410002403500110006503500210007604000130009704100080011010000350011824501050015365000330025870000440029177301050033561826720240201134531.0000902s2000 spa  a618267 a(OCoLC)819841190 ccomduadb aspa10aPosada, Edwin Alvaro4auteaut10aAproximacion al conocimiento de una zona de riesgo: la isla de la fantasia en la ciudad de Medellin. aZonas de riesgo - Medellín10aBetancur Muñoz, Juan José4auteaut0 tCuadernos Pedagógicos (Medellín)gNúmero 12, Julio 2000, p. 107-115w260951x9586554597095459